000 00349pam a2200157a 44500
008 230515b1985 xxu||||| |||| 00| 0 eng d
020 _aNULL
041 _aENGLISH
082 _aN.D.
100 _aNULL
245 _aGauging Practice For Plain Work Pieces
250 _a0
260 _aNULL
_bIndian Std.
_c1985
300 _a4
650 _aNULL
999 _c574385
_d574385